Statistics for 4304-くま川鉄道の駅

Click here to take the quiz!

General Stats

  • This quiz has been taken 14 times
  • The average score is 10 of 14

Answer Stats

本線% Correct
人吉温泉
100%
あさぎり
100%
湯前
100%
東免田
91%
多良木
91%
公立病院前
73%
東多良木
73%
相良藩願成寺
64%
肥後西村
64%
木上
64%
おかどめ幸福
64%
一武
55%
新鶴羽
55%
川村
45%

Score Distribution

Percentile by Number Answered

Percent of People with Each Score

Your Score History

You have not taken this quiz